00333nam a22001097a 4500003000400000020001800004082001900022100005500041245005800096260006100154300000800215SGT a9789380455891 a891.4309bN14A aअविनाश, संजय कुमार  aनक्सली कौन ? उपन्यास  bउद्योग नगर प्रकाशनc2014 a168